Actores Ganadores del Oscar por año - Estadísticas

Estadísticas generales
  • Esta prueba ha sido intentada 697 veces
  • La puntuación promedio es 31 de 92
Estadísticas de respuestas
Hint Respuesta % Correcto
2015 El renacido Leonardo DiCaprio
91%
1993 Philadelphia Tom Hanks
87%
1994 Forrest Gump Tom Hanks
87%
2019 Joker Joaquin Phoenix
85%
1992 Escencia de mujer Al Pacino
78%
1954 La ley del silencio Marlon Brando
76%
1972 El padrino Marlon Brando
76%
2018 Bohemian Rhapsody Rami Malek
72%
1980 Toro Salvaje Robert De Niro
72%
2000 Gladiador Russell Crowe
72%
1989 Mi pie izquierdo Daniel Day Lewis
68%
2007 Petroleo Sangriento Daniel Day Lewis
68%
2012 Lincoln Daniel Day Lewis
68%
2002 El Pianista Adrien Brody
67%
1991 El silencio de los inocentes Anthony Hopkins
61%
1975 Atrapado sin salida Jack Nicholson
60%
1997 Mejor... Imposible Jack Nicholson
60%
2001 Dia de entrenamiento Denzel Washington
57%
2003 Rio Mistico Sean Penn
57%
2008 Milk Sean Penn
57%
1979 Kramer vs Kramer Dustin Hoffman
54%
1988 Rain man Dustin Hoffman
54%
2016 Manchester frente al mar Casey Affleck
53%
1999 Belleza Americana Kevin Spacey
50%
1995 Leaving Las Vegas Nicolas Cage
49%
1998 La vida es bella Roberto Benigni
49%
2010 El discurso del rey Colin Firth
47%
1986 El color del dinero Paul Newman
46%
2005 Capote Phillip Seymour Hoffman
46%
2014 La teoria del todo Eddie Redmayne
43%
2004 Ray Jamie Foxx
43%
1987 Wall Street Michael Douglas
43%
2017 Las horas mas oscuras Gary Oldman
41%
1982 Gandhi Ben Kingsley
37%
1951 La reina de Africa Humphrey Bogart
35%
2006 El ultimo rey de Escocia Forest Whitaker
34%
1959 Ben Hur Charlton Heston
33%
1981 En el estanque dorado Henry Fonda
32%
1969 True Grit John Wayne
32%
1941 Sargento York Gary Cooper
30%
1952 Solo ante el peligro Gary Cooper
30%
1971 The French connection Genne Hackman
30%
1940 Historias de Filadelfia James Stewart
30%
1962 Matar a un ruiseñor Gregory Peck
28%
1963 Los lirios del valle Sidney Poitier
27%
2013 El club de los desahuciados Matthew McConaughey
26%
1934 Sucedio una noche Clark Gable
25%
2009 Crazy heart Jeff Bridges
25%
1937 Capitanes Intrepidos Spencer Tracy
25%
1938 Forja de Hombres Spencer Tracy
25%
1948 Hamlet Laurence Olivier
24%
2011 El artista Jean Dujardin
22%
1985 El beso de la mujer araña William Hurt
21%
1960 Elmer Gantry Burt Lancaster
20%
1996 Shine Geoffrey Rush
19%
1957 El puente sobre el Rio Kwai Alec Guinnes
18%
1970 Patton George C. Scott
18%
1964 Mi bella dama Rex Harrison
18%
1983 Tender Mercies Robert Duvall
18%
1984 Amadeus F. Murray Abraham
17%
1990 Reversal of fortune Jeremy Irons
17%
1958 Mesas separadas David Niven
15%
1955 Marty Ernest Borgnine
15%
1950 Cyrano de Bergerac Jose Ferrer
15%
1976 Network Peter Finch
15%
1978 Regreso sin gloria Jon Voight
14%
1953 Stalag 17 William Holden
14%
1956 El rey y yo Yul Brynner
14%
1961 Judgment at Nuremberg Maximilan Schell
13%
1944 Siguiendo mi camino Bing Crosby
12%
1942 Yankee Dandy James Cagney
11%
1945 Dias sin huella Ray Milland
11%
1977 La chica del adios Richard Dreyfuss
11%
1967 En el calor de la noche Rod Steiger
11%
1968 Charly Cliff Robertson
10%
1928 La ultima orden Emil Jannings
10%
1974 Harry y Tonto Art Carney
9%
1933 La vida privada de Enrique VIII Charles Laughton
9%
1932 El hombre y el mounstruo Fredrich March
9%
1946 Los mejores años de nuestra vida Fredrich March
9%
1931 Alma libre Lionel Barrymore
9%
1936 La historia de Louis Pasteur Paul Muni
9%
1935 El delator Victor McLaglen
9%
1949 Todos los hombres del Rey Broderick Crawford
8%
1965 La ingenua explosiva Lee Marvin
8%
1943 Centinela en el rio Paul Lukas
8%
1966 Un hombre de dos reinos Paul Scofield
8%
1939 Adios Mr. Chips Robert Donat
7%
1947 Doble vida Ronald Colman
7%
1973 Salvad al tigre Jack Leemon
6%
1929 En el viejo Arizona Warner Baxter
5%
1930 Disraeli George Airliss
2%
No se encontraron pruebas coincidentes
Distribución de puntuación
Porcentaje de gente con cada puntuación
Porcentaje por número respondido
Historial de tus puntuaciones
No has intentado esta prueba.